Studio craft & technique for architectsDE (Record no. 8797)

000 -LEADER
fixed length control field 00373nam a2200145 4500
003 - CONTROL NUMBER IDENTIFIER
control field OSt
005 - DATE AND TIME OF LATEST TRANSACTION
control field 20210109124705.0
008 - FIXED-LENGTH DATA ELEMENTS--GENERAL INFORMATION
fixed length control field 210109b ||||| |||| 00| 0 eng d
020 ## - INTERNATIONAL STANDARD BOOK NUMBER
International Standard Book Number 9781780676579
082 ## - DEWEY DECIMAL CLASSIFICATION NUMBER
Classification number 720.284
Item number DEL
100 ## - MAIN ENTRY--PERSONAL NAME
Personal name Delaney, Miriam; Gorman, Anne
245 ## - TITLE STATEMENT
Title Studio craft & technique for architectsDE
260 ## - PUBLICATION, DISTRIBUTION, ETC. (IMPRINT)
Name of publisher, distributor, etc Laurence king -London
942 ## - ADDED ENTRY ELEMENTS (KOHA)
Source of classification or shelving scheme
Holdings
Withdrawn status Lost status Source of classification or shelving scheme Damaged status Koha normalized classification for sorting Not for loan Permanent location Current location Date acquired Total Checkouts Full call number Barcode Date last seen Date last borrowed Price effective from Koha item type
        720_284000000000000_DEL   BMS College of Architecture, Design and Planning BMS College of Architecture, Design and Planning 2021-01-09 1 720.284 DEL AR-UG2060 2024-01-17 2024-01-02 2021-01-09 UG Books
Copyright © 2025, The Librarian, Library and Information Centre, BMSCA D&P, Bengaluru. All Rights Reserved
web counter

Powered by Koha